000
00276nam a2200121Ia 4500
008
240521s1976 xx 000 0 und d
041
_a
eng
082
_a
711.409
100
_a
BACON E.N.
245
_a
DESIGN OF CITIES
260
_b
PENGUIN BOOKS LTD
_c
1976
300
_a
336
999
_c
1162790
_d
1162790